000
00200 a2200097 4500
001
15072
100
_a
Kinglakl, A.W
245
_a
Eothen
260
_a
London
_b
Thomas nelson
_c
090
_c
11827
_d
11827
942
_a
NUST-CAE
_c
M
_c
2033
999
_c
250145
_d
250145